000 00762nam a22002297a 4500
003 UA-OsUOA
001 55818
007 ta
008 20080922b un ||||| |||| 00| 0 ukr d
090 _a340(094)(4+477)
_bО-37
942 _cBK
040 _aUA-OsUOA
_bukr
_cUA-OsUOA
_dUA-OsUOA
245 _aОгляд стану адаптації законодавства України до acquis communautaire
300 _a516 с.
955 _a1
041 _aukr
080 _a340(094)(4+477)
020 _a966-8578-05-8
260 _aДніпропетровськ
_bНіка-Прінт
_c2006
650 7 _a340 Право в цілому. Пропедевтика. Методи та допоміжні правничі науки
_2UDC
999 _c341910
_d341910